Influence of the international agrar trade on environmental policy

Súvislosti mendzinárodného obchodu a environmentálnej politiky v intenciách gradácie exportu a importu svetového obchodu, jeho komoditnej štruktúry, teritoriálnej orientácie a dopravných vzdialeností obchodov. Rast dynamiky zahraničných obchodov a zvyšovanie objemu produkcie a exportu. Pozitívne pôs...

Descripción completa

Guardado en:
Detalles Bibliográficos
Autor principal: Podolák, Alojz
Formato: Capítulo de libro
Lenguaje:inglés
Materias:
Etiquetas: Agregar Etiqueta
Sin Etiquetas, Sea el primero en etiquetar este registro!

MARC

LEADER 00000naa a2200000 4500
001 r042808
005 20231004091001.9
041 0 |a eng 
044 |a CZ 
245 1 0 |a Influence of the international agrar trade on environmental policy  |c Alojz Podolák 
520 |a Súvislosti mendzinárodného obchodu a environmentálnej politiky v intenciách gradácie exportu a importu svetového obchodu, jeho komoditnej štruktúry, teritoriálnej orientácie a dopravných vzdialeností obchodov. Rast dynamiky zahraničných obchodov a zvyšovanie objemu produkcie a exportu. Pozitívne pôsobenie liberalizovaného obchodu na útlm produkcie a tým i na znižovanie environmentálnych rizík. 
610 2 0 |a obchod medzinárodný 
610 2 0 |a trh poľnohospodársky 
610 2 0 |a politika environmentálna 
610 2 0 |a výroba poľnohospodárska 
610 2 0 |a riziko obchodné 
610 2 0 |a obchod svetový 
610 2 0 |a liberalizácia 
100 1 |a Podolák, Alojz